000
00279nam a22001337a 4500
082
_a
001
_b
GAN/F
100
_a
GANERI, ANITA
100
_a
CHANDLER, DAVID
245
_a
FIRST BOOK OF FLOWERS
260
_a
LONDON
_b
A&C BLACK
300
_a
48
650
_a
GK
_z
LONDON
942
_c
BK
999
_c
6585
_d
6585